000 00557nam a2200193 i 4500
001 76165
003 ES-MaACL
005 20230906172735.0
007 t|
008 040929s1973 sp ||||1| cat d
100 1 _aGüell, Antoni M.
_960416
245 1 0 _aCapvespre de creences /
_cAntoni M. Güell ; proleg de José M. Diez-Alegría.
250 _a[1ª ed.].
260 _aBarcelona :
_bLaia,
_c[1973]
300 _a527 p. ;
_c20 cm.
700 1 _aDíez Alegría, José María.
_9182604
852 _aES-MaACL
_jC-52536
_bR.85532
999 _c76165
_d76165